The seven daughters of Eve / (Record no. 233678)

000 -LEADER
fixed length control field 01052cam a22003134a 4500
001 - CONTROL NUMBER
control field 12356296
003 - CONTROL NUMBER IDENTIFIER
control field Nust
005 - DATE AND TIME OF LATEST TRANSACTION
control field 20180604075720.0
008 - FIXED-LENGTH DATA ELEMENTS--GENERAL INFORMATION
fixed length control field 010323s2001 enkab 001 0 eng
010 ## - LIBRARY OF CONGRESS CONTROL NUMBER
LC control number 2001030820
020 ## - INTERNATIONAL STANDARD BOOK NUMBER
International Standard Book Number 9780552148764
Terms of availability Rs. 316
038 ## - RECORD CONTENT LICENSOR
Staff Name Arshad
040 ## - CATALOGING SOURCE
Original cataloging agency DLC
Transcribing agency DLC
Modifying agency DLC
042 ## - AUTHENTICATION CODE
Authentication code pcc
050 00 - LIBRARY OF CONGRESS CALL NUMBER
Classification number GN289
Item number .S94 2001
082 00 - DEWEY DECIMAL CLASSIFICATION NUMBER
Classification number 599.935
Author Mark SYK
100 1# - MAIN ENTRY--PERSONAL NAME
Personal name Sykes, Bryan.
9 (RLIN) 10890
245 14 - TITLE STATEMENT
Title The seven daughters of Eve /
Statement of responsibility, etc. Bryan Sykes.
260 ## - PUBLICATION, DISTRIBUTION, ETC.
Place of publication, distribution, etc. London ;
-- New York :
Name of publisher, distributor, etc. Bantam Press,
Date of publication, distribution, etc. 2001.
300 ## - PHYSICAL DESCRIPTION
Extent x, 367 p. :
Other physical details ill., maps ;
Dimensions 24 cm.
500 ## - GENERAL NOTE
General note Includes index.
650 #0 - SUBJECT ADDED ENTRY--TOPICAL TERM
Topical term or geographic name entry element Human population genetics.
9 (RLIN) 10891
650 #0 - SUBJECT ADDED ENTRY--TOPICAL TERM
Topical term or geographic name entry element Human evolution.
9 (RLIN) 10892
650 #0 - SUBJECT ADDED ENTRY--TOPICAL TERM
Topical term or geographic name entry element Women
General subdivision Anthropometry.
9 (RLIN) 10893
650 #0 - SUBJECT ADDED ENTRY--TOPICAL TERM
Topical term or geographic name entry element Evolutionary genetics.
9 (RLIN) 10894
906 ## - LOCAL DATA ELEMENT F, LDF (RLIN)
a 7
b cbc
c orignew
d 1
e ocip
f 20
g y-gencatlg
942 ## - ADDED ENTRY ELEMENTS (KOHA)
Source of classification or shelving scheme
Koha item type Book
Holdings
Withdrawn status Lost status Source of classification or shelving scheme Damaged status Not for loan Collection code Permanent Location Current Location Shelving location Date acquired Cost, normal purchase price Total Checkouts Full call number Barcode Date last seen Date last checked out Copy number Price effective from Koha item type
            Central Library (CL) Central Library (CL) Book Cart 03/10/2017 0.00 2 599.935 SYK CL18 02/21/2025 07/25/2019 1 03/10/2017 Book
© 2023 Central Library, National University of Sciences and Technology. All Rights Reserved.